| 000 | 00400nam a22001457a 4500 | ||
|---|---|---|---|
| 082 |
_a355.46 _bHAW _cL-30-II, P-44 |
||
| 100 |
_aShaukat Riza. _948829 |
||
| 245 | _aHaving benn a Subaltern | ||
| 250 | _a1st ed. | ||
| 260 |
_aRawalpindi _bArmy Education Press _cAugust, 1981 |
||
| 300 |
_a98 p. : _bill. : _c6 Cm |
||
| 526 |
_a0 _b0 _c0 _d355_460000000000000_HAW |
||
| 650 |
_aMCE _9379 |
||
| 942 |
_2ddc _cBK |
||
| 999 |
_c551694 _d551694 |
||